El papel de los partidos políticos en la construcción de la transparencia en la administración pública / (Registro nro. 14378)

Detalles MARC
000 -LEADER
fixed length control field 02063nam a2200337 a 4500
001 - CONTROL NUMBER
control field 000013811
003 - CONTROL NUMBER IDENTIFIER
control field DO-SdBPM
005 - DATE AND TIME OF LATEST TRANSACTION
control field 20230316112339.0
008 - FIXED-LENGTH DATA ELEMENTS--GENERAL INFORMATION
fixed length control field 091130s2008 dr a r 000 0 spa d
020 ## - INTERNATIONAL STANDARD BOOK NUMBER
International Standard Book Number 9789945865141
040 ## - CATALOGING SOURCE
Original cataloging agency DO-SdBPM
Language of cataloging spa
Transcribing agency BPMSU
082 ## - DEWEY DECIMAL CLASSIFICATION NUMBER
Classification number 324.27293
Item number T266p 2008
Edition number 22
100 1# - MAIN ENTRY--PERSONAL NAME
Personal name Tejada Holguín, Ramón
245 13 - TITLE STATEMENT
Title El papel de los partidos políticos en la construcción de la transparencia en la administración pública /
Statement of responsibility, etc. Ramón Tejada Holguín.
246 13 - VARYING FORM OF TITLE
Title proper/short title Segundo desayuno-panel Facultad Latinoamericana de Ciencias Sociales (FLACSO)
246 13 - VARYING FORM OF TITLE
Title proper/short title Separación de poderes y sistemas de control : los poderes del Estado en la Reforma Constitucional en la República Dominicana
260 ## - PUBLICATION, DISTRIBUTION, ETC. (IMPRINT)
Place of publication, distribution, etc. Santo Domingo :
Name of publisher, distributor, etc. FLACSO :
-- CONARE ,
Date of publication, distribution, etc. [2008].
300 ## - PHYSICAL DESCRIPTION
Extent 3v. :
Other physical details il. ;
Dimensions 22 cm.
490 0# - SERIES STATEMENT
Series statement Reforma y modernización del sistema político dominicano
500 ## - GENERAL NOTE
General note Incluye referencias bibliográficas y notas al pie de las páginas
504 ## - BIBLIOGRAPHY, ETC. NOTE
Bibliography, etc Bibliografía : p. 32-33
505 0# - FORMATTED CONTENTS NOTE
Formatted contents note v.1. : 1o. Panel :Separación de poderes y sistemas de control: los poderes del Estado en la reforma constitucional de la República Dominicana / Cristóbal Rodríguez Gómez -- v. 2. : 2o. Panel : El papel de los partidos políticos en la construcción de la transparencia en la administración pública-- v.3. : 3o. Panel- Nacionalidad, ciudadanía y reforma constitucional en la República Dominicana de principios del siglo XXI / Wilfredo Lozano-- v.4. : 4o. Panel : Ley de acceso a la información: balance y analisís.
590 ## - LOCAL NOTE (RLIN)
Local note Inventariado, 2023/VM
650 #4 - SUBJECT ADDED ENTRY--TOPICAL TERM
Topical term or geographic name as entry element Partidos políticos
Geographic subdivision República Dominicana
Form subdivision Congresos, conferencias, etc
650 #4 - SUBJECT ADDED ENTRY--TOPICAL TERM
Topical term or geographic name as entry element Corrupción administrativa
Geographic subdivision República Dominicana
Form subdivision Congresos, conferencias, etc
710 22 - ADDED ENTRY--CORPORATE NAME
Corporate name or jurisdiction name as entry element Facultad Latinoamericana de Ciencias Sociales
710 22 - ADDED ENTRY--CORPORATE NAME
Corporate name or jurisdiction name as entry element Consejo Nacional de Reforma del Estado (República Dominicana)
830 #0 - SERIES ADDED ENTRY--UNIFORM TITLE
Uniform title Reforma y Modernización del Sistema Político Dominicano
910 ## - USER-OPTION DATA (OCLC)
User-option data VMateo V. Control de calidad (BPMSU)
942 ## - ADDED ENTRY ELEMENTS (KOHA)
Source of classification or shelving scheme Dewey Decimal Classification
Koha item type Libros
Existencias
Withdrawn status Lost status Source of classification or shelving scheme Damaged status Not for loan Collection code Home library Current library Date acquired Total Checkouts Full call number Barcode Date last seen Copy number Price effective from Koha item type
    Dewey Decimal Classification     Colección Dominicana Biblioteca Pública Metropolitana Salomé Ureña Biblioteca Pública Metropolitana Salomé Ureña 03/16/2023   BPMSU CD 324.27293 T266p 2008 BPMSU23030027 03/16/2023 v.2 03/16/2023 Libros
    Dewey Decimal Classification     Colección Dominicana Biblioteca Pública Metropolitana Salomé Ureña Biblioteca Pública Metropolitana Salomé Ureña 03/16/2023   BPMSU CD 324.27293 T266p 2008 BPMSU23030028 03/16/2023 v.2 ,e.2 03/16/2023 Libros
    Dewey Decimal Classification     Colección Dominicana Biblioteca Pública Metropolitana Salomé Ureña Biblioteca Pública Metropolitana Salomé Ureña 03/16/2023   BPMSU CD 324.27293 T266p 2008 BPMSU23030029 03/16/2023 v.2 ,e.3 03/16/2023 Libros